LIBRARY & INFORMATION CENTRE, KCAET, TAVANUR

ONLINE PUBLIC ACCESS CATALOGUE (OPAC)

Principles of solar engineering (Record no. 15306)

MARC details
000 -LEADER
fixed length control field 00387nam a22001577a 4500
020 ## - INTERNATIONAL STANDARD BOOK NUMBER
ISBN 9781560327141
082 ## - DEWEY DECIMAL CLASSIFICATION NUMBER
Classification number 631.47
Item number YOG/PR
100 ## - MAIN ENTRY--AUTHOR NAME
Personal name GOSWAMI, YOGI D
245 ## - TITLE STATEMENT
Title Principles of solar engineering
250 ## - EDITION STATEMENT
Edition statement 2
260 ## - PUBLICATION, DISTRIBUTION, ETC. (IMPRINT)
Place of publication New York
Name of publisher Taylor & FrancisGroup
Year of publication 2014
300 ## - PHYSICAL DESCRIPTION
Number of Pages 694
700 ## - ADDED ENTRY--PERSONAL NAME
Personal name Kreith, Frank
700 ## - ADDED ENTRY--PERSONAL NAME
Personal name Kreider, Jan F.
942 ## - ADDED ENTRY ELEMENTS (KOHA)
Koha item type Books
Holdings
Withdrawn status Lost status Damaged status Home library Current library Date acquired Cost, normal purchase price Full call number Accession Number Koha item type
      KAUAET KAUAET 02/03/2018 4495.00 631.47 YOG/PR 24876 Books
free website counter